Využitie výpočtovej techniky pri operatívnom riadení mechanizovanej rastlinnej výroby (7. časť)

Bibliographic Details
Main Author: Ďuďák, Jozef, 1958- (Author)
Format: Article
Language:Slovak
PhysicalDescription:Obr.
ISSN:1335-6178
Subjects:

MARC

LEADER 00000nab a2200000 a 4500
001 vtls009936696
003 SK-MaSNL
005 20260304231518.0
008 250507c2009 xo |||||||||||000 b|slo
015 |a SNBRB2009/08  |2 snkbucl 
035 |a (uuid)01cdf851-570b-4dc9-93a3-bc054c02564d 
035 |a urn:nbn:sk:snk-ab1zb6 
035 |a (urnnbn)urn:nbn:sk:snk:ar-a01anr 
038 |a SNKBUCL 
040 |a SNKBUCL  |b slo  |c SNKBUCL  |e AACR2 
041 0 |a slo 
044 |a xo  |c SK 
080 |a 633:631.15:004  |2 1997 
080 |a 631.15  |2 1997 
080 |a 004  |2 1997 
080 |a 681.51  |2 1997 
080 |a 004.738.5  |2 1997 
100 1 |a Ďuďák, Jozef,  |d 1958-  |4 aut  |9 241691 
245 1 0 |a Využitie výpočtovej techniky pri operatívnom riadení mechanizovanej rastlinnej výroby  |n (7. časť)  |c Jozef Ďuďák 
300 |b Obr. 
650 0 7 |a rastlinná výroba  |2 snkbucl  |9 2835 
650 0 7 |a mechanizácia poľnohospodárstva  |2 snkbucl  |9 27292 
650 0 7 |a technologické procesy  |2 snkbucl  |9 28633 
650 0 7 |a manažment výroby  |2 snkbucl  |9 933 
650 0 7 |a informačné systémy  |2 snkbucl  |9 1128 
650 0 7 |a výpočtová technika  |2 snkbucl  |9 1126 
650 0 7 |a automatizované systémy riadenia  |2 snkbucl  |9 28612 
650 0 7 |a poradenské systémy  |2 snkbucl  |9 1565064 
650 0 7 |a počítačové programy  |2 snkbucl  |9 1222 
650 0 7 |a internet  |2 snkbucl  |9 1833 
773 0 |t Moderná mechanizácia v poľnohospodárstve  |g Roč. XII, č. 7 (2009), s. 14-15  |x 1335-6178 
850 |a Slovenská národná knižnica 
852 |a Slovenská národná knižnica 
954 |a odborná, vedecká literatúra pôvodná (slovenská)  |2 lita 
958 |a article27 
958 |a OND 
958 |a EUIPO 
999 |c 3189113  |d 3191043